|
|
|
|
| LEADER |
01530nam a22004094a 4500 |
| 001 |
EBC308732 |
| 003 |
MiAaPQ |
| 005 |
20200520144314.0 |
| 006 |
m o d | |
| 007 |
cr cn||||||||| |
| 008 |
040915s2005 enka sb 001 0 eng |
| 010 |
|
|
|z 2004021801
|
| 020 |
|
|
|z 0415359600 (hb)
|
| 035 |
|
|
|a (MiAaPQ)EBC308732
|
| 035 |
|
|
|a (Au-PeEL)EBL308732
|
| 035 |
|
|
|a (CaPaEBR)ebr10227329
|
| 035 |
|
|
|a (CaONFJC)MIL115801
|
| 035 |
|
|
|a (OCoLC)935263684
|
| 040 |
|
|
|a MiAaPQ
|c MiAaPQ
|d MiAaPQ
|
| 043 |
|
|
|a a------
|a cl-----
|
| 050 |
|
4 |
|a HC412
|b .B446 2005
|
| 082 |
0 |
4 |
|a 338.95
|2 22
|
| 084 |
|
|
|a 83.30
|2 bcl
|
| 245 |
0 |
0 |
|a Beyond market-driven development
|h [electronic resource] :
|b drawing on the experience of Asia and Latin America /
|c edited by Costas Lapavitsas and Makoto Noguchi.
|
| 260 |
|
|
|a London ;
|a New York :
|b Routledge,
|c 2005.
|
| 300 |
|
|
|a xi, 217 p. :
|b ill.
|
| 504 |
|
|
|a Includes bibliographical references and index.
|
| 533 |
|
|
|a Electronic reproduction. Ann Arbor, MI : ProQuest, 2015. Available via World Wide Web. Access may be limited to ProQuest affiliated libraries.
|
| 651 |
|
0 |
|a Asia
|x Economic conditions.
|
| 651 |
|
0 |
|a Asia
|x Economic policy.
|
| 651 |
|
0 |
|a Latin America
|x Economic conditions.
|
| 651 |
|
0 |
|a Latin America
|x Economic policy.
|
| 655 |
|
4 |
|a Electronic books.
|
| 700 |
1 |
|
|a Noguchi, Makoto,
|d 1948-
|
| 700 |
1 |
|
|a Lapavitsas, Costas,
|d 1961-
|
| 710 |
2 |
|
|a ProQuest (Firm)
|
| 856 |
4 |
0 |
|u https://ebookcentral.proquest.com/lib/matrademy/detail.action?docID=308732
|z Click to View
|